Statistics for Click to Translate - Hebrew

Click here to take the quiz!

General Stats

  • This quiz has been taken 1,010 times
  • The average score is 10 of 20

Answer Stats

HintAnswer% Correct
Helloשלום (Shalom)
92%
Englishאנגלית (Anglit)
85%
Whatמה (Ma)
59%
Waterמים (Mayim)
56%
Dogכֶּלֶב (Kelev)
55%
Thank youתודה (Toda)
55%
Brotherאָח (Ach)
50%
Sunשמש (Shemesh)
49%
Eightשמונה (Shmone)
47%
Weekשָׁבוּעַ (Shavua)
46%
Hatכּוֹבַע (Kova)
42%
Greenירוק (Yarok)
42%
Saltמלח (Melach)
41%
Trainרכבת (Rakevet)
41%
Goללכת (La'le'khet)
39%
Easyקַל (Kal)
35%
Hotelמלון (Malon)
35%
Passportדַרכּוֹן (Darkon)
34%
Bagתיק (Tik)
33%
Earlyמוקדם (Mukdam)
32%

Score Distribution

Percentile by Number Answered

Percent of People with Each Score

Your Score History

You have not taken this quiz